| Tag |
First Indicator |
Second Indicator |
Subfields |
| LEADER |
00000cam a22000001a 4500 |
| 001 |
in00002884713 |
| 005 |
20190331190345.0 |
| 006 |
m o d |
| 007 |
cr un mmmapmmp |
| 008 |
081014s1842 dcud o f000 0 eng d |
| 035 |
|
|
|a cis2004298572
|
| 040 |
|
|
|a UMI
|c UMI
|d UtOrBLW
|
| 043 |
|
|
|a n-us---
|
| 099 |
|
|
|a ProQuest Serial Set Number 404 H.doc.225
|
| 110 |
1 |
|
|a United States.
|b War Department.
|
| 245 |
1 |
0 |
|a Public defences on Lake Ontario. Letter from the Secretary of War, transmitting the information required by the resolution of the House of Representatives of the 12th ultimo, in relation to the public defences on Lake Ontario, the river St. Lawrence, &c.
|
| 246 |
1 |
|
|a Fortifications on Lake Ontario and St. Lawrence river
|
| 264 |
|
1 |
|a Washington :
|b [publisher not identified],
|c 1842.
|
| 300 |
|
|
|a 1 online resource.
|
| 336 |
|
|
|a text
|b txt
|2 rdacontent
|
| 337 |
|
|
|a computer
|b c
|2 rdamedia
|
| 338 |
|
|
|a online resource
|b cr
|2 rdacarrier
|
| 490 |
0 |
|
|a H.doc.225
|
| 500 |
|
|
|a Record is based on bibliographic data in ProQuest U.S. Serial Set Digital Collection (last viewed Oct. 2008). Reuse except for individual research requires license from ProQuest, LLC.
|
| 510 |
3 |
|
|a ProQuest U.S. Serial Set Digital Collection
|
| 500 |
|
|
|a Electronic resource.
|
| 650 |
|
0 |
|a Fortification.
|
| 650 |
|
0 |
|a Waterways.
|
| 651 |
|
0 |
|a Great Lakes (North America)
|
| 655 |
|
7 |
|a Electronic books.
|2 local
|
| 710 |
2 |
|
|a ProQuest (Firm)
|
| 830 |
|
0 |
|a United States congressional serial set.
|
| 856 |
4 |
0 |
|u http://proxy.library.tamu.edu/login?url=http://congressional.proquest.com/congcomp/getdoc?SERIAL-SET-ID=404+H.doc.225
|z Connect to the full text of this electronic book
|t 0
|
| 999 |
|
|
|a MARS
|
| 999 |
f |
f |
|s 844b26f6-8979-3eb9-b7f0-b44d118c4f74
|i 99553056-f0f1-3b2c-94ae-eb61557be8f2
|t 0
|
| 952 |
f |
f |
|a Texas A&M University
|b College Station
|c Electronic Resources
|d Available Online
|t 0
|e ProQuest Serial Set Number 404 H.doc.225
|h Other scheme
|
| 998 |
f |
f |
|a ProQuest Serial Set Number 404 H.doc.225
|t 0
|l Available Online
|